Technické vzorce

Bibliographic Details
Main Authors: Walther, Eduard (Author), Kuchling, Horst, 1923-2021 (Author), Leupold, Wilhelm, 1926-2013 (Author), Pleyner, Manfred (Author), Lau, Erich (Author), Gehringer, Hans (Author)
Other Authors: Latka, František, 1913-1993 (Translator), Rovanová, Magda (Translator)
Format: Book
Language:Slovak
German
PhysicalDescription:431 strán, 3 nečíslované listy obrazovej prílohy grafy, ilustrácie, schémy, tabuľky 21 cm 1 príloha
Published: Bratislava Alfa 1987
Edition:2. vyd.
Series:Edícia strojárskej literatúry
Subjects:

MARC

LEADER 00000cam a2200000 a 4500
001 vtls001085703
003 SK-MaSNL
005 20260302024419.0
008 240226s1987 xo dal fr 000 0 slo
015 |a SNBA1987/10 
020 |q (viazané) 
035 |a SNK000028542 
035 |a 5F73C13D-2623-47DA-911F-F7C25CD7FD1C 
035 |a urn:nbn:sk:snk-am00ibd7 
040 |a SNK  |b slo  |c SNK  |e AACR2 
041 1 |a slo  |h ger 
044 |a xo  |c SK 
072 7 |a 62  |x Technika všeobecne  |2 konspekt 
080 |a 621(083.5)  |2 1981 
080 |a 621  |2 2011 
080 |a (035)  |2 2011 
080 |a 53.081.3/.5  |2 2011 
080 |a 519.66  |2 2011 
080 |a 62  |2 2011 
100 1 |a Walther, Eduard  |4 aut  |9 672415 
240 1 0 |a Technische Formeln  |l Slovensky 
245 1 0 |a Technické vzorce  |c Eduard Walther a kolektív ; [z nemeckého originálu Technische Formeln ... preložili František Latka a Magda Rovanová] 
250 |a 2. vyd. 
260 |a Bratislava  |b Alfa  |c 1987  |e Bratislava  |f Svornosť 
300 |a 431 strán, 3 nečíslované listy obrazovej prílohy  |b grafy, ilustrácie, schémy, tabuľky  |c 21 cm  |e 1 príloha 
366 |e 10000 výtl. 
490 1 |a Edícia strojárskej literatúry 
650 0 7 |a strojárstvo  |2 SNKPH  |9 674 
650 0 7 |a technické vzorce  |2 SNKPH  |9 589644 
650 0 7 |a meracie jednotky  |2 SNKPH  |9 86927 
650 0 7 |a fyzikálne jednotky  |2 SNKPH  |9 86759 
650 0 7 |a matematické tabuľky  |2 SNKPH  |9 87893 
650 0 7 |a technika  |2 SNKPH  |9 671 
655 7 |a príručky  |2 SNKPH  |9 74364 
700 1 |a Kuchling, Horst,  |d 1923-2021  |4 aut  |9 212654 
700 1 |a Leupold, Wilhelm,  |d 1926-2013  |4 aut  |9 672416 
700 1 |a Pleyner, Manfred  |4 aut  |9 672417 
700 1 |a Lau, Erich  |4 aut  |9 672418 
700 1 |a Gehringer, Hans  |4 aut  |9 672419 
700 1 |a Latka, František,  |d 1913-1993  |4 trl  |9 212646 
700 1 |a Rovanová, Magda  |4 trl  |9 428528 
830 0 |a Edícia strojárskej literatúry  |9 266612 
852 |a Slovenská národná knižnica 
954 |a odborná, vedecká literatúra cudzojazyčná (svetová)  |2 lita 
958 |a OND 
958 |a DE 
958 |a TL 
958 |a OP 
958 |a EUIPO 
968 |b DT 
999 |c 1040331  |d 1042261 
952 |a SNK  |b SNK  |y VYP  |7 0  |p 17A0071308  |o snkSC 69598 D1  |0 0  |1 0  |4 0  |d 1997-06-09  |l 0  |r 2004-12-31 00:00:00  |w 2026-02-24 
952 |a SNK  |b SNK  |y PREZ  |7 0  |p 17A1513893  |o snkSC 69598/príl.  |i snkKSP 7825/87  |z 1 príloha - 3 voľné listy  |0 0  |1 0  |4 0  |d 2022-09-23  |f 1  |l 0  |r 2025-07-17 00:00:00  |w 2026-02-24 
952 |a SNK  |b SNK  |y PREZ  |7 0  |p 17A0935689  |o snkSC 69598  |i snkKSP 7825/87  |3 Obsahuje 1 prílohu - 3 voľné listy  |z Obsahuje 1 prílohu - 3 voľné listy  |0 0  |1 0  |4 0  |d 2012-09-14  |f 1  |l 0  |r 2025-07-17 00:00:00  |w 2026-02-24